Statistiques concernant Pokepark 2-Tous les Pokémon amis

Cliquez ici pour prendre le quiz!

Statistiques générales

  • Ce quiz a été pris 13 fois
  • Le résultat moyen est 99 sur 194

Statistiques - réponses

HintRéponse% Correct
Zone CôtièreRaichu
88%
Zone BoiséeChenipan
75%
Zone BoiséeCoconfort
75%
Parc des VoeuxDarkrai
75%
Zone EscarpéeDarumarond
75%
Zone CôtièreEcrapince
75%
Zone EscarpéeMunna
75%
Zone CôtièreMushana
75%
Zone CôtièrePoichigeon
75%
Parc des VoeuxReshiram
75%
Parc des VoeuxZekrom
75%
Zone UsinièreAbra
63%
Zone MystiqueBaggaid
63%
Zone EscarpéeBaggiguane
63%
Zone BoiséeBargantua
63%
Zone EscarpéeBastiodon
63%
Zone CôtièreBekipan
63%
Zone UsinièreBétochef
63%
Zone CôtièreBoréas
63%
Zone BoiséeBrutapode
63%
Zone CôtièreChacripan
63%
Zone CôtièreCharpenti
63%
Zone CôtièreChlorobule
63%
Zone CôtièreClamiral
63%
Zone UsinièreClic
63%
Zone UsinièreCliticlic
63%
Zone CôtièreCrocorible
63%
Parc des VoeuxCryptero
63%
Zone EscarpéeDarumacho
63%
Zone MystiqueDemeteros
63%
Zone UsinièreDrattak
63%
Zone BoiséeFarfaduvet
63%
Zone CôtièreFeuforêve
63%
Zone CôtièreFeuillajou
63%
Zone CôtièreFlamajou
63%
Zone CôtièreFlotajou
63%
Zone BoiséeFragilady
63%
Zone EscarpéeFulguris
63%
Parc des VoeuxFunécire
63%
Zone BoiséeGaulet
63%
Zone EscarpéeGivrali
63%
Zone CôtièreGoinfrex
63%
Zone EscarpéeGrindur
63%
Zone CôtièreGrotichon
63%
Zone EscarpéeGueriaigle
63%
Zone EscarpéeJudokrak
63%
Zone EscarpéeKaraclée
63%
Zone MystiqueLakmecygne
63%
Zone CôtièreLianaja
63%
Parc des VoeuxLugulabre
63%
Zone BoiséeMagicarpe
63%
Zone BoiséeMajaspic
63%
Zone CôtièreMamanbo
63%
Zone BoiséeManternel
63%
Zone CôtièreMaracachi
63%
Zone CôtièreMascaiman
63%
Zone CôtièreMateloutre
63%
Zone UsinièreMéios
63%
Parc des VoeuxMélancolux
63%
Parc des VoeuxMesmerella
63%
Zone BoiséeMinotaupe
63%
Zone BoiséeNoacier
63%
Zone UsinièreNucléos
63%
Zone UsinièreOuvrifier
63%
Zone EscarpéePolagriffe
63%
Zone EscarpéePolarhume
63%
Zone EscarpéeRhinolove
63%
Zone EscarpéeRoitiflam
63%
Zone BoiséeRonflex
63%
Zone CôtièreRototaupe
63%
Zone BoiséeScobolide
63%
Parc des VoeuxScrutella
63%
Parc des VoeuxSiderella
63%
Zone UsinièreSymbios
63%
Zone UsinièreTic
63%
Zone CôtièreTiplouf
63%
Parc des VoeuxTranchodon
63%
Zone EscarpéeTrioxhydre
63%
Zone BoiséeTrompignon
63%
Parc des VoeuxTutafeh
63%
Parc des VoeuxTutankafer
63%
Zone EscarpéeVaututrice
63%
Zone BoiséeVenipatte
63%
Zone EscarpéeVictini
63%
Zone BoiséeZoroark
63%
Zone BoiséeZorua
63%
Zone BoiséeAquali
50%
Zone BoiséeArakdo
50%
Zone BoiséeCarabing
50%
Zone MystiqueCarapuce
50%
Zone EscarpéeCarchacrok
50%
Zone BoiséeCheniti
50%
Zone CôtièreChinchidou
50%
Zone BoiséeChovsourir
50%
Zone EscarpéeChrysacier
50%
Zone CôtièreColombeau
50%
Zone BoiséeCouaneton
50%
Zone CôtièreCoupenotte
50%
Zone MystiqueCouverdure
50%
Zone EscarpéeCrabicoque
50%
Zone EscarpéeCradopaud
50%
Zone BoiséeCrapustule
50%
Zone BoiséeDoudouvet
50%
Zone EscarpéeDrakkarmin
50%
Zone CôtièreEmolga
50%
Zone CôtièreEscroco
50%
Zone UsinièreEvoli
50%
Zone MystiqueFrison
50%
Zone EscarpéeGéolithe
50%
Zone UsinièreGigalithe
50%
Zone CôtièreGoelise
50%
Zone MystiqueHaydaim
50%
Zone CôtièreIncisache
50%
Zone BoiséeInsécateur
50%
Zone EscarpéeJoliflor
50%
Zone UsinièreLancargot
50%
Zone BoiséeLaporeille
50%
Zone BoiséeLarveyette
50%
Zone UsinièreLimaspeed
50%
Zone BoiséeLimonde
50%
Zone UsinièreLockpin
50%
Zone CôtièreMentali
50%
Zone CôtièreMiamiasme
50%
Zone UsinièreMiasmax
50%
Zone CôtièreMiradar
50%
Zone UsinièreMygavolt
50%
Zone CôtièreNanmeouie
50%
Zone UsinièreNoctali
50%
Zone CôtièrePashmilla
50%
Zone BoiséePhyllali
50%
Zone EscarpéePyroli
50%
Zone EscarpéeRacaillou
50%
Zone EscarpéeSorbébe
50%
Zone BoiséeTritonde
50%
Zone CôtièreViskuse
50%
Zone BoiséeVivaldaim
50%
Zone MystiqueVoltali
50%
Zone CôtièreWailord
50%
Zone CôtièreZébibron
50%
Zone UsinièreZéblitz
50%
Zone BoiséeArchéodong
38%
Zone BoiséeBalignon
38%
Zone EscarpéeCadoizo
38%
Zone EscarpéeCapumain
38%
Zone EscarpéeColossinge
38%
Zone UsinièreCorboss
38%
Zone EscarpéeCrabaraque
38%
Zone MystiqueDracaufeu
38%
Zone UsinièreEctoplasma
38%
Zone UsinièreElekable
38%
Zone BoiséeFerosinge
38%
Zone BoiséeFloravol
38%
Zone UsinièreGolemastoc
38%
Zone CôtièreGrodrive
38%
Zone CôtièreKecleon
38%
Zone UsinièreMaganon
38%
Zone EscarpéeManzai
38%
Zone CôtièreMiaouss
38%
Zone BoiséeMystherbe
38%
Zone UsinièreNoctunoir
38%
Zone BoiséePsykokwak
38%
Zone CôtièreRatentif
38%
Zone EscarpéeRhinastoc
38%
Zone BoiséeScalpion
38%
Zone BoiséeScalproie
38%
Zone BoiséeSimularbre
38%
Zone UsinièreSkelenox
38%
Zone UsinièreStatitik
38%
Zone UsinièreTyranocif
38%
Zone MystiqueWattouat
38%
Zone EscarpéeChapignon
25%
Zone UsinièreCizayox
25%
Zone UsinièreCornèbre
25%
Zone UsinièreFarfuret
25%
Zone MystiqueGobou
25%
Zone MystiqueGranivol
25%
Zone EscarpéeGriknot
25%
Zone UsinièreGringolem
25%
Zone UsinièreKirlia
25%
Zone EscarpéeLucario
25%
Zone UsinièreMysdibule
25%
Zone MystiqueNenupiot
25%
Zone MystiqueRamoloss
25%
Zone MystiqueRozbouton
25%
Zone CôtièreStari
25%
Zone EscarpéeTaupiqueur
25%
Zone BoiséeTriopikeur
25%
Zone UsinièreVoltorbe
25%
Zone MystiqueAzurill
13%
Zone MystiqueKrabby
13%
Zone UsinièreMoufouette
13%
Zone UsinièreOkéoké
13%
Zone UsinièreTénéfix
13%
Zone UsinièreNodultihe
0%

Distribution des résultats

Percentile par nombre de réponses

% des personnes avec chaque résultat

Votre développement - résultats

Vous n’avez pas pris ce quiz